Jornadas de la Asociación Española de Canonistas: aspectos de la función de gobierno en la iglesia

Gespeichert in:
Bibliographische Detailangaben
1. Verfasser: Rucosa Escudé, Avelina (VerfasserIn)
Format: Buch
Sprache:Spanisch
Veröffentlicht: Salamanca Universidad Pontificia 1998
Schlagworte:
Tags: Tag hinzufügen
Keine Tags, Fügen Sie den ersten Tag hinzu!

MARC

LEADER 00000nam a2200000 a 4500
001 UCP6255
003 CL-VaPUC
008 991015e19980000SP |||||||||||||||||spa|d
082 0 4 |a 262.9  |b RUC  |2 21 
100 0 |a Rucosa Escudé, Avelina  |e author  |9 435244 
245 1 0 |a Jornadas de la Asociación Española de Canonistas: aspectos de la función de gobierno en la iglesia 
300 |a 316 p 
942 |c BK 
945 |d 19991015 00:00:00  |a vberengu 
260 |a Salamanca  |b Universidad Pontificia  |c 1998 
650 7 |a DERECHO CANONICO  |2 CL-VaPUC  |9 435245 
650 0 |a Derecho eclesiástico  |9 255055 
583 |a last modification  |c 19991015 00:00:00  |k Rodrigo Vera 
999 |c 283857  |d 283855 
952 |0 0  |1 0  |4 0  |6 262_900000000000000_RUC_1998  |7 0  |8 A  |9 327343  |a BIBDER  |b BIBDER  |d 2019-11-20  |i 3508285  |o 262.9 RUC 1998  |p 3508285  |r 2023-01-25  |w 2019-11-20  |y BK  |k DER